[Event "Junior Online 4NCL Division 5"]
[Site "online"]
[Date "2020.05.21"]
[Round "6.236"]
[White "Tager, Maya"]
[Black "Khashu, Rohan"]
[Result "1-0"]
[WhiteElo "1090"]
[BlackElo "1097"]
[PlyCount "67"]
[EventDate "2020.05.21"]
[WhiteTeam "May the Fork Be With You 3"]
[BlackTeam "Hallfield School C"]

1. e4 e5 2. d3 Nc6 3. Nd2 Nf6 4. Ngf3 a5 5. g3 b6 6. Bg2 h6 7. O-O g5 8. b3 Bb4
9. Bb2 d6 10. c3 Bc5 11. Qc1 Bg4 12. Ba3 Bxa3 13. Qxa3 b5 14. Qb2 Bxf3 15. Nxf3
Qd7 16. c4 a4 17. cxb5 Na7 18. bxa4 O-O 19. Rfc1 g4 20. Nd2 Nh5 21. Rc2 Qe6 22.
Rxc7 f5 23. exf5 Qxf5 24. Bd5+ Kh8 25. Bxa8 Qxf2+ 26. Kh1 Rxa8 27. Nc4 Qf3+ 28.
Kg1 Qxd3 29. Nb6 Qe3+ 30. Qf2 Qe4 31. Nxa8 Qxa8 32. Rf7 Qb7 33. Rxb7 Nc8 34.
Qf8# 1-0

[Event "Junior Online 4NCL Division 5"]
[Site "online"]
[Date "2020.05.21"]
[Round "6.237"]
[White "Gandhi, Preesh"]
[Black "Valanju, Saish"]
[Result "1/2-1/2"]
[WhiteElo "947"]
[BlackElo "1037"]
[PlyCount "176"]
[EventDate "2020.05.21"]
[WhiteTeam "Hallfield School C"]
[BlackTeam "May the Fork Be With You 3"]

1. e4 e6 2. d4 d5 3. e5 c5 4. Nf3 Nc6 5. Nc3 Qb6 6. Be3 Qxb2 7. Bd2 cxd4 8. Na4
Qa3 9. c3 dxc3 10. Bxc3 Bd7 11. Rb1 Rb8 12. Nd2 Qxa2 13. Rb2 Qa3 14. Qb3 Qxb3
15. Rxb3 Nxe5 16. Bxe5 Bxa4 17. Bxb8 Bxb3 18. Nxb3 Bb4+ 19. Kd1 Ne7 20. Bxa7
Nc6 21. Bb5 O-O 22. Bxc6 bxc6 23. Bc5 Bxc5 24. Nxc5 Rb8 25. Re1 Rb5 26. Nd7 Rb7
27. Nc5 Rb5 28. Nd7 Rb7 29. Ne5 h6 30. Nxc6 Rc7 31. Nb4 Rc4 32. Na6 Rd4+ 33.
Ke2 Re4+ 34. Kf1 Ra4 35. Nc5 Rc4 36. Nd7 Rc7 37. Ne5 Rc2 38. Ra1 d4 39. Ra8+
Kh7 40. Rd8 Rd2 41. Nxf7 Rd1+ 42. Ke2 Ra1 43. Rxd4 Ra7 44. Ne5 Ra2+ 45. Ke3
Ra3+ 46. Ke4 Ra2 47. Ng4 Re2+ 48. Kf3 Ra2 49. Ne3 Ra3 50. Rd6 e5 51. Re6 g5 52.
Rxe5 Kg6 53. Kg4 h5+ 54. Kf3 g4+ 55. Kg3 Kf6 56. Rxh5 Kg6 57. Rh4 Kg5 58. Rxg4+
Kh5 59. h4 Rb3 60. Rg5+ Kh6 61. Kg4 Rb4+ 62. Kf5 Rxh4 63. Ng4+ Kh7 64. Nf6+ Kh8
65. Rh5+ Rxh5+ 66. Nxh5 Kg8 67. g4 Kf7 68. g5 Kg8 69. Kg4 Kf8 70. f4 Kg8 71. f5
Kf8 72. f6 Kg8 73. g6 Kf8 74. Kg5 Kg8 75. Kh6 Kf8 76. g7+ Kg8 77. f7+ Kxf7 78.
Kh7 Ke6 79. g8=Q+ Ke5 80. Nf4 Kxf4 81. Qg6 Kf3 82. Qg5 Kf2 83. Qg4 Kf1 84. Qg3
Ke2 85. Qf4 Kd3 86. Qe5 Kc4 87. Qd6 Kb5 88. Qc6+ Kxc6 1/2-1/2

[Event "Junior Online 4NCL Division 5"]
[Site "online"]
[Date "2020.05.21"]
[Round "6.238"]
[White "Patel, Rohan"]
[Black "Patel, Diah Dipal"]
[Result "0-1"]
[WhiteElo "992"]
[BlackElo "707"]
[PlyCount "50"]
[EventDate "2020.05.21"]
[WhiteTeam "May the Fork Be With You 3"]
[BlackTeam "Hallfield School C"]

1. e4 e5 2. Nf3 Nc6 3. Bc4 Bc5 4. d3 Nf6 5. Bg5 h6 6. Bh4 g5 7. Bg3 d6 8. h3 g4
9. hxg4 Bxg4 10. Bh4 Nd4 11. a3 Qe7 12. Bd5 O-O-O 13. c3 Nxf3+ 14. gxf3 Bh5 15.
Nd2 c6 16. Bb3 d5 17. exd5 cxd5 18. c4 e4 19. fxe4 Bxd1 20. Rxd1 dxe4 21. dxe4
Rhg8 22. f4 Rg4 23. Nf3 Rxf4 24. e5 Rxf3 25. Bxf6 Rxf6 0-1

[Event "Junior Online 4NCL Division 5"]
[Site "online"]
[Date "2020.05.21"]
[Round "6.241"]
[White "Watkins, Gabby"]
[Black "Meredith, George"]
[Result "1-0"]
[WhiteElo "1045"]
[BlackElo "1082"]
[PlyCount "97"]
[EventDate "2020.05.21"]
[WhiteTeam "Entangled States"]
[BlackTeam "Manchester Juniors C"]

1. c4 e6 2. g3 Nf6 3. Bg2 Bc5 4. Nc3 O-O 5. e3 c6 6. d4 Bb4 7. Bd2 Bxc3 8. Bxc3
d5 9. cxd5 cxd5 10. Rc1 Nc6 11. Nf3 a6 12. O-O Ne4 13. a3 Nxc3 14. Rxc3 Qd6 15.
Qd2 b5 16. Rfc1 Bb7 17. Bf1 h6 18. b4 Rac8 19. Be2 Rc7 20. Rc5 Bc8 21. Ne5 Bd7
22. Nxd7 Qxd7 23. Qc2 Rfc8 24. Qb3 Rb8 25. Bd3 g6 26. Qc2 Rbc8 27. Bxg6 fxg6
28. Qxg6+ Qg7 29. Qxe6+ Qf7 30. Rxc6 Rxc6 31. Rxc6 Rxc6 32. Qxc6 Qf8 33. Qxa6
h5 34. Qxb5 Qf5 35. a4 Qf3 36. a5 Qd1+ 37. Kg2 Qb3 38. a6 Qa3 39. Qb6 Qd3 40.
a7 Qa3 41. Qb7 Qa4 42. a8=Q+ Qxa8 43. Qxa8+ Kg7 44. b5 Kf6 45. b6 Kg5 46. b7 h4
47. b8=Q Kf5 48. Qxd5+ Kg4 49. Qbg8# 1-0

[Event "Junior Online 4NCL Division 5"]
[Site "online"]
[Date "2020.05.21"]
[Round "6.243"]
[White "Wynn, Lewis"]
[Black "Morgan, Alice"]
[Result "0-1"]
[WhiteElo "966"]
[BlackElo "1000"]
[PlyCount "124"]
[EventDate "2020.05.21"]
[WhiteTeam "Entangled States"]
[BlackTeam "Manchester Juniors C"]

1. e4 e5 2. Nf3 d6 3. Bc4 Nc6 4. O-O Nh6 5. Nc3 Be7 6. Nd5 O-O 7. Nxe7+ Qxe7 8.
d4 Ng4 9. h3 Nh6 10. dxe5 dxe5 11. Bxh6 gxh6 12. Qd5 Be6 13. Qd3 Rad8 14. Qa3
Bxc4 15. Rfd1 a6 16. Rxd8 Rxd8 17. Qxe7 Nxe7 18. Nxe5 Bb5 19. Re1 a5 20. Re3
Nc6 21. Nxc6 bxc6 22. Ra3 a4 23. b3 axb3 24. axb3 c5 25. b4 cxb4 26. Rb3 Rd4
27. c3 Rxe4 28. cxb4 c6 29. f3 Rd4 30. g4 Rd3 31. Rxd3 Bxd3 32. Kf2 Bb5 33. Ke3
Kg7 34. Kd4 f6 35. f4 Ba6 36. Kc5 Kg6 37. Kxc6 f5 38. gxf5+ Kxf5 39. Kd5 Kxf4
40. Kd4 Kg3 41. Ke3 Kxh3 42. Kf2 Kg4 43. Kg2 h5 44. Kh2 h6 45. Kh1 h4 46. Kh2
h5 47. Kh1 Kg3 48. Kg1 h3 49. Kh1 Bc4 50. b5 Bxb5 51. Kg1 Bc6 52. Kf1 h2 53.
Ke2 h1=Q 54. Ke3 Qh4 55. Kd2 Qa4 56. Kc3 h4 57. Kd2 h3 58. Ke2 Qa3 59. Kf1 Qc3
60. Kg1 h2+ 61. Kf1 Qd3+ 62. Ke1 h1=Q# 0-1

[Event "Junior Online 4NCL Division 5"]
[Site "online"]
[Date "2020.05.21"]
[Round "6.244"]
[White "Saxby, Ben"]
[Black "Siddall, George"]
[Result "1-0"]
[WhiteElo "917"]
[BlackElo "651"]
[PlyCount "61"]
[EventDate "2020.05.21"]
[WhiteTeam "Manchester Juniors C"]
[BlackTeam "Entangled States"]

1. e4 e5 2. Nf3 Nc6 3. Nc3 Nf6 4. Bc4 Bc5 5. d3 h6 6. O-O O-O 7. Kh1 d6 8. Re1
Bg4 9. h3 Bh5 10. g4 Bg6 11. Nh4 h5 12. Nxg6 d5 13. Nxf8 Qxf8 14. exd5 Nb4 15.
Rxe5 hxg4 16. hxg4 Nd7 17. Rh5 Bxf2 18. Qf3 Nf6 19. Rf5 Bc5 20. g5 Nd7 21. Qh3
Re8 22. Bd2 g6 23. Rf4 Qe7 24. Rh4 Qe2 25. Rh8+ Kg7 26. Rxe8 Qxe8 27. Re1 Qf8
28. Bb5 Qc8 29. Bxd7 Qd8 30. Re8 Qxg5 31. Qh8# 1-0

[Event "Junior Online 4NCL Division 5"]
[Site "online"]
[Date "2020.05.21"]
[Round "6.245"]
[White "Meredith, George"]
[Black "Watkins, Gabby"]
[Result "0-1"]
[WhiteElo "1082"]
[BlackElo "1045"]
[PlyCount "138"]
[EventDate "2020.05.21"]
[WhiteTeam "Manchester Juniors C"]
[BlackTeam "Entangled States"]

1. e4 c6 2. Nf3 d5 3. Nc3 dxe4 4. Nxe4 Bf5 5. Bd3 e6 6. O-O Nd7 7. Qe1 Bc5 8.
Bc4 b5 9. Bb3 Ne7 10. d3 O-O 11. Bg5 h6 12. Bxe7 Qxe7 13. d4 Bb6 14. c3 Rfd8
15. Bc2 c5 16. Qe2 c4 17. h3 Nf6 18. a3 Nd5 19. Ra2 Bc7 20. Raa1 Rd7 21. Nc5
Rdd8 22. Nb7 Rdb8 23. Nc5 Bxc2 24. Qxc2 Bd6 25. Ne4 Bc7 26. Nc5 Bb6 27. Ne4 Rd8
28. Qe2 Nf6 29. Nc5 Bxc5 30. dxc5 Qxc5 31. b4 Qc7 32. Qe5 Qxe5 33. Nxe5 Nd5 34.
Rfc1 Nf4 35. Nc6 Rd6 36. Ne7+ Kh8 37. g3 Ne2+ 38. Kg2 Nxc1 39. Rxc1 Re8 40.
Ng6+ fxg6 41. Ra1 Rd3 42. a4 a6 43. axb5 axb5 44. Ra5 Rxc3 45. Rxb5 Rd3 46. Rc5
c3 47. b5 Rb8 48. Kf1 Rb7 49. Ke2 Rdd7 50. Rxc3 Rxb5 51. Kf1 e5 52. Kg2 g5 53.
h4 gxh4 54. gxh4 e4 55. f3 exf3+ 56. Rxf3 g5 57. hxg5 hxg5 58. Kg3 Rg7 59. Kh3
g4+ 60. Kg3 gxf3+ 61. Kxf3 Rb3+ 62. Ke4 Rg4+ 63. Kf5 Ra4 64. Ke5 Rb5+ 65. Kd6
Ra6+ 66. Kc7 Rh5 67. Kb7 Rg6 68. Kc7 Rh7+ 69. Kd8 Rg8# 0-1

[Event "Junior Online 4NCL Division 5"]
[Site "online"]
[Date "2020.05.21"]
[Round "6.247"]
[White "Morgan, Alice"]
[Black "Wynn, Lewis"]
[Result "1/2-1/2"]
[WhiteElo "1000"]
[BlackElo "966"]
[PlyCount "191"]
[EventDate "2020.05.21"]
[WhiteTeam "Manchester Juniors C"]
[BlackTeam "Entangled States"]

1. e4 e5 2. f3 Nf6 3. Bc4 Bc5 4. Nh3 d5 5. d3 c6 6. Bb3 dxe4 7. dxe4 Qxd1+ 8.
Kxd1 O-O 9. Nc3 Bxh3 10. gxh3 Rd8+ 11. Ke2 Bb4 12. a3 Bxc3 13. bxc3 Na6 14. Be3
c5 15. Rhg1 h6 16. Bc4 b6 17. Bxa6 Rd7 18. Bb5 Rd6 19. a4 a6 20. a5 bxa5 21.
Bxc5 Rdd8 22. Rxa5 axb5 23. Rxa8 Rxa8 24. Rb1 Rc8 25. Rxb5 Nd7 26. Bd6 Rxc3 27.
Kd2 Rxf3 28. Rb7 Nf6 29. Bxe5 Rxh3 30. c3 Nxe4+ 31. Kc2 Rh5 32. Rb8+ Kh7 33.
Bd4 Rxh2+ 34. Kd3 Nf2+ 35. Kc2 Ne4+ 36. Kb3 Nd2+ 37. Kb4 f5 38. Rf8 Rh4 39.
Rxf5 g5 40. Rf2 Ne4 41. Re2 Rf4 42. c4 g4 43. Rg2 g3 44. Rg1 Rf2 45. c5 g2 46.
c6 Rf1 47. Rxg2 Rf7 48. Rc2 Rc7 49. Be5 h5 50. Bxc7 h4 51. Bf4 h3 52. c7 h2 53.
Bxh2 Nf6 54. Rf2 Nd5+ 55. Kc5 Nxc7 56. Rf5 Ne6+ 57. Kd5 Ng7 58. Rf4 Nh5 59. Rh4
Kh6 60. Rh3 Kg6 61. Ke5 Kg5 62. Rf3 Kg4 63. Rf8 Kg5 64. Bf4+ Nxf4 65. Rxf4 Kg6
66. Rf5 Kh6 67. Kf4 Kg6 68. Kg4 Kh6 69. Rg5 Kh7 70. Kf5 Kh6 71. Kg4 Kh7 72. Kf4
Kh6 73. Kf5 Kh7 74. Rg6 Kh8 75. Kf6 Kh7 76. Kf7 Kh8 77. Kf6 Kh7 78. Kg5 Kh8 79.
Kf5 Kh7 80. Kf6 Kh8 81. Kg5 Kh7 82. Kh5 Kh8 83. Kh4 Kh7 84. Kh5 Kh8 85. Kg5 Kh7
86. Rf6 Kg7 87. Kf5 Kg8 88. Ke6 Kg7 89. Ke7 Kg8 90. Rf7 Kh8 91. Kf6 Kg8 92. Kg6
Kh8 93. Rh7+ Kg8 94. Rf7 Kh8 95. Kf6 Kg8 96. Kg6 1/2-1/2

[Event "Junior Online 4NCL Division 5"]
[Site "online"]
[Date "2020.05.21"]
[Round "6.248"]
[White "Siddall, George"]
[Black "Saxby, Ben"]
[Result "1-0"]
[WhiteElo "651"]
[BlackElo "917"]
[PlyCount "73"]
[EventDate "2020.05.21"]
[WhiteTeam "Entangled States"]
[BlackTeam "Manchester Juniors C"]

1. e4 e5 2. Nf3 Nf6 3. Nxe5 Nxe4 4. Qe2 Qe7 5. Qxe4 Qe6 6. Bc4 Qe7 7. Bxf7+ Kd8
8. d3 d6 9. Bd5 dxe5 10. Qf3 c6 11. Qg3 cxd5 12. Bg5 Kd7 13. Bxe7 Bxe7 14. Qxg7
Rd8 15. Qxh7 Kc6 16. Nc3 Nd7 17. O-O-O Nf6 18. Qxe7 Rd7 19. Qxf6+ Kc7 20. Qxe5+
Kc6 21. Na4 b5 22. Qc3+ Kb7 23. Nc5+ Kb6 24. Nxd7+ Bxd7 25. h4 Rc8 26. Qg7 Rc7
27. h5 Bc6 28. Qg8 Rb7 29. h6 Be8 30. Qxe8 Ka6 31. h7 Rxh7 32. Rxh7 Ka5 33.
Rxa7+ Kb6 34. Qb8+ Kc5 35. Rc7+ Kb4 36. c3+ Ka5 37. Ra7# 1-0

[Event "Junior Online 4NCL Division 5"]
[Site "online"]
[Date "2020.05.21"]
[Round "6.251"]
[White "Jardzioch, Ernest"]
[Black "Roul, Karan"]
[Result "1-0"]
[WhiteElo "1090"]
[BlackElo "434"]
[PlyCount "59"]
[EventDate "2020.05.21"]
[WhiteTeam "St Albans Early Knights 4"]
[BlackTeam "East Kilbride Bishops"]

1. e4 d5 2. exd5 Nf6 3. Bc4 c6 4. dxc6 Nxc6 5. Nf3 e5 6. d3 Bg4 7. Nc3 Bxf3 8.
Qxf3 Nd4 9. Qd1 Nc6 10. O-O Bc5 11. Bg5 Be7 12. Bxf6 Bxf6 13. f4 Qd7 14. fxe5
Nxe5 15. Bb5 Nc6 16. Qe2+ Qe7 17. Bxc6+ Kf8 18. Qxe7+ Bxe7 19. Bxb7 Rb8 20. Bd5
Bf6 21. Ne4 Rxb2 22. Nxf6 gxf6 23. Rxf6 Rxc2 24. Rxf7+ Ke8 25. Re1+ Kd8 26.
Ree7 Rg8 27. Rd7+ Kc8 28. Bb7+ Kb8 29. Rxh7 Rcxg2+ 30. Bxg2 1-0

[Event "Junior Online 4NCL Division 5"]
[Site "online"]
[Date "2020.05.21"]
[Round "6.252"]
[White "Narasimhan, Srivathsan"]
[Black "Saporenkova, Rita"]
[Result "0-1"]
[WhiteElo "410"]
[BlackElo "1000"]
[PlyCount "28"]
[EventDate "2020.05.21"]
[WhiteTeam "East Kilbride Bishops"]
[BlackTeam "St Albans Early Knights 4"]

1. e4 e5 2. Nf3 Nc6 3. Nc3 Nf6 4. d4 exd4 5. Nxd4 Nxd4 6. Qxd4 c5 7. Qd1 d6 8.
Bb5+ Bd7 9. O-O Be7 10. Re1 O-O 11. e5 dxe5 12. Rxe5 Bxb5 13. Nxb5 Qxd1+ 14.
Re1 Qxe1# 0-1

[Event "Junior Online 4NCL Division 5"]
[Site "online"]
[Date "2020.05.21"]
[Round "6.254"]
[White "Israni, Ishita"]
[Black "Owladi, Maya"]
[Result "0-1"]
[WhiteElo "306"]
[BlackElo "842"]
[PlyCount "144"]
[EventDate "2020.05.21"]
[WhiteTeam "East Kilbride Bishops"]
[BlackTeam "St Albans Early Knights 4"]

1. e4 e5 2. Nf3 Nc6 3. Nc3 Nf6 4. Bc4 Bc5 5. d3 h6 6. Be3 Bxe3 7. fxe3 O-O 8.
O-O d6 9. Qd2 Re8 10. Rad1 Be6 11. a3 Bxc4 12. dxc4 Qe7 13. Ne2 Nxe4 14. Qd3
Nc5 15. Qd5 Qe6 16. b4 Qxd5 17. Rxd5 Ne7 18. Rd2 Na4 19. c5 dxc5 20. bxc5 Nxc5
21. Rd5 Na4 22. Rxe5 Nc6 23. Rh5 Rxe3 24. Ng3 Rxa3 25. Re1 Rc3 26. Nf5 Rxc2 27.
N3h4 g6 28. Nxh6+ Kg7 29. N4f5+ gxf5 30. Nxf5+ Kg6 31. g4 Rc4 32. Rh6+ Kg5 33.
h3 Nd4 34. Rh5+ Kf4 35. Rf1+ Nf3+ 36. Kg2 Rc3 37. Nh6 f6 38. Rf5+ Ke3 39.
R1xf3+ Kd2 40. Rf2+ Kd3 41. R5f4 Ke3 42. R2f3+ Kd2 43. Rf2+ Kd3 44. Rxa4 Re8
45. Rf3+ Re3 46. Rxe3+ Kxe3 47. Rxa7 b5 48. h4 b4 49. Nf5+ Kf4 50. Nd4 Kxg4 51.
Ne2 Rc2 52. Kf1 b3 53. Ra1 Kxh4 54. Rb1 b2 55. Nd4 Rd2 56. Nb3 Rc2 57. Nd4 Rh2
58. Ne2 Kg4 59. Rxb2 f5 60. Rc2 Kf3 61. Rc3+ Kg4 62. Rg3+ Kh4 63. Rf3 Kg5 64.
Rg3+ Kh4 65. Rf3 Kg4 66. Rf4+ Kg5 67. Rc4 Rh7 68. Ng1 f4 69. Nf3+ Kg4 70. Ne5+
Kg3 71. Nd3 f3 72. Rf4 Rh1# 0-1

[Event "Junior Online 4NCL Division 5"]
[Site "online"]
[Date "2020.05.21"]
[Round "6.255"]
[White "Roul, Karan"]
[Black "Jardzioch, Ernest"]
[Result "1/2-1/2"]
[WhiteElo "434"]
[BlackElo "1090"]
[PlyCount "91"]
[EventDate "2020.05.21"]
[WhiteTeam "East Kilbride Bishops"]
[BlackTeam "St Albans Early Knights 4"]

1. e4 e5 2. Nf3 Nc6 3. Nc3 Nf6 4. d4 exd4 5. Nxd4 Nxd4 6. Qxd4 c5 7. Qd1 b6 8.
Be3 Bb7 9. Bd3 d5 10. Nb5 c4 11. Be2 Bc5 12. Bxc5 bxc5 13. exd5 Bxd5 14. Bxc4
Bxc4 15. Qxd8+ Rxd8 16. Nc7+ Kd7 17. O-O-O+ Kxc7 18. Rxd8 Rxd8 19. Re1 Bxa2 20.
Re7+ Rd7 21. Re5 Kc6 22. b3 Ng4 23. Rg5 Nxf2 24. Rxg7 Rd1+ 25. Kb2 Bb1 26. Rxf7
a5 27. Rxf2 Kb5 28. g4 c4 29. bxc4+ Kxc4 30. Rf4+ Kb5 31. g5 Rg1 32. h4 a4 33.
Re4 a3+ 34. Kxa3 Bxc2 35. Rb4+ Kc6 36. Rc4+ Kd5 37. Rxc2 Rg3+ 38. Kb2 Rh3 39.
Rc7 Rxh4 40. Ra7 Rg4 41. Ra5+ Ke4 42. Kb3 Kf4 43. Ra7 Rxg5 44. Rxh7 Rb5+ 45.
Kc4 Rf5 46. Kd4 1/2-1/2

[Event "Junior Online 4NCL Division 5"]
[Site "online"]
[Date "2020.05.21"]
[Round "6"]
[White "Saporenkova, Rita"]
[Black "Narasimhan, Srivathsan"]
[Result "1-0"]
[WhiteElo "1000"]
[BlackElo "410"]
[PlyCount "61"]
[EventDate "2020.05.21"]
[WhiteTeam "St Albans Early Knights 4"]
[BlackTeam "East Kilbride Bishops"]

1. e4 e5 2. Nf3 Nc6 3. Bc4 Nf6 4. Ng5 d5 5. exd5 Na5 6. d3 Ng4 7. f3 Be7 8. Ne4
Nxc4 9. dxc4 O-O 10. fxg4 Bh4+ 11. g3 Be7 12. b3 f5 13. gxf5 Bxf5 14. Nbc3 Bxe4
15. Nxe4 Bb4+ 16. Bd2 Bxd2+ 17. Qxd2 c6 18. O-O-O Qa5 19. Qxa5 b6 20. Qd2 Rae8
21. Rhf1 Rxf1 22. Rxf1 Rf8 23. Rxf8+ Kxf8 24. Qf2+ Ke7 25. d6+ Ke6 26. Ng5+
Kxd6 27. Qf8+ Kd7 28. Qxg7+ Kd6 29. Qh6+ Ke7 30. Qe6+ Kf8 31. Qf7# 1-0

[Event "Junior Online 4NCL Division 5"]
[Site "online"]
[Date "2020.05.21"]
[Round "6.2"]
[White "Owladi, Maya"]
[Black "Israni, Ishita"]
[Result "1-0"]
[WhiteElo "842"]
[BlackElo "306"]
[PlyCount "43"]
[EventDate "2020.05.21"]
[WhiteTeam "St Albans Early Knights 4"]
[BlackTeam "East Kilbride Bishops"]

1. e4 e5 2. Nf3 Nf6 3. Nxe5 d6 4. Nf3 Nxe4 5. Qe2 Bf5 6. d3 d5 7. dxe4 dxe4 8.
Nc3 Qe7 9. Nd4 g6 10. Nxf5 gxf5 11. Bf4 Nc6 12. O-O-O Rd8 13. Rxd8+ Nxd8 14.
Nd5 Qe6 15. Nxc7+ Ke7 16. Nxe6 fxe6 17. Qb5 Nc6 18. Qxb7+ Ke8 19. Qxc6+ Kf7 20.
Bc4 Kg7 21. Be5+ Kg8 22. Qxe6# 1-0

[Event "Junior Online 4NCL Division 5"]
[Site "online"]
[Date "2020.05.21"]
[Round "6.5"]
[White "Shkuratovskyi, Makariy"]
[Black "Sheftel, Sam"]
[Result "1-0"]
[WhiteElo "1427"]
[BlackElo "1075"]
[PlyCount "26"]
[EventDate "2020.05.21"]
[WhiteTeam "KJCA Young Kestrels F"]
[BlackTeam "Long Ditton St Mary's"]

1. e4 e5 2. Nf3 d6 3. Bc4 Nf6 4. Ng5 d5 5. exd5 Nxd5 6. Nxf7 Kxf7 7. Qf3+ Ke8
8. Bxd5 Qe7 9. Bxb7 Bxb7 10. Qxb7 Qf7 11. Qxa8 Bb4 12. Qxb8+ Ke7 13. Qxb4+ c5
1-0

[Event "Junior Online 4NCL Division 5"]
[Site "online"]
[Date "2020.05.21"]
[Round "6.6"]
[White "Bredenoord, Conrad"]
[Black "Allen, George"]
[Result "0-1"]
[WhiteElo "1142"]
[BlackElo "1382"]
[PlyCount "82"]
[EventDate "2020.05.21"]
[WhiteTeam "Long Ditton St Mary's"]
[BlackTeam "KJCA Young Kestrels F"]

1. e4 e5 2. Nf3 Nc6 3. Bc4 h6 4. Nc3 Bc5 5. d4 exd4 6. Ne2 d6 7. Nexd4 Bg4 8.
Nxc6 bxc6 9. Qd3 Qf6 10. c3 Ne7 11. Be3 Bxf3 12. gxf3 Qxf3 13. Bxc5 Qxh1+ 14.
Qf1 Qxe4+ 15. Be3 O-O 16. Bb3 Rfe8 17. Bc2 Qe5 18. Qd3 Ng6 19. O-O-O Qxh2 20.
Ba4 Ne5 21. Qe4 d5 22. Qf5 g6 23. Qb1 Re6 24. Qc2 Ng4 25. Bd4 h5 26. Kb1 Qd6
27. Qc1 c5 28. f3 cxd4 29. fxg4 hxg4 30. Rh1 Qe5 31. Qh6 Qe4+ 32. Ka1 Qe5 33.
Qh7+ Kf8 34. a3 Ke7 35. Rf1 Rf6 36. Rc1 Rf2 37. Qh4+ Qf6 38. Re1+ Kf8 39. Qh7
dxc3 40. bxc3 Qxc3+ 41. Kb1 Rb8+ 0-1

[Event "Junior Online 4NCL Division 5"]
[Site "online"]
[Date "2020.05.21"]
[Round "6.7"]
[White "Heard, Ben"]
[Black "Holben, Joseph"]
[Result "1-0"]
[WhiteElo "1240"]
[BlackElo "1067"]
[PlyCount "43"]
[EventDate "2020.05.21"]
[WhiteTeam "KJCA Young Kestrels F"]
[BlackTeam "Long Ditton St Mary's"]

1. e4 e5 2. Nf3 Nc6 3. Nc3 Bc5 4. Nxe5 Nxe5 5. d4 Bxd4 6. Qxd4 Nc6 7. Qxg7 Nf6
8. Qxh8+ Ke7 9. Qg7 Nh5 10. Qg5+ f6 11. Qxh5 d6 12. Qxh7+ Ke6 13. Bc4+ d5 14.
exd5+ Ke5 15. dxc6 Bg4 16. f3 Bf5 17. f4+ Kd4 18. Qxf5 Kxc4 19. Qb5+ Kd4 20.
cxb7 Rb8 21. O-O Qh8 22. Rd1# 1-0

[Event "Junior Online 4NCL Division 5"]
[Site "online"]
[Date "2020.05.21"]
[Round "6.8"]
[White "New, Felix"]
[Black "Oprea, Lucas"]
[Result "1-0"]
[WhiteElo "1015"]
[BlackElo "1262"]
[PlyCount "27"]
[EventDate "2020.05.21"]
[WhiteTeam "Long Ditton St Mary's"]
[BlackTeam "KJCA Young Kestrels F"]

1. e4 e5 2. Nf3 Nc6 3. Bc4 Nf6 4. Ng5 d5 5. exd5 Nxd5 6. Bxd5 Qxd5 7. Nc3 Qd8
8. d3 e4 9. d4 Qxd4 10. Bd2 Bb4 11. Nb5 Bxd2+ 12. Kf1 Bxg5 13. Nxd4 Nxd4 14.
Qxd4 1-0

[Event "Junior Online 4NCL Division 5"]
[Site "online"]
[Date "2020.05.21"]
[Round "6.9"]
[White "Sheftel, Sam"]
[Black "Shkuratovskyi, Makariy"]
[Result "0-1"]
[WhiteElo "1075"]
[BlackElo "1427"]
[PlyCount "68"]
[EventDate "2020.05.21"]
[WhiteTeam "Long Ditton St Mary's"]
[BlackTeam "KJCA Young Kestrels F"]

1. e4 c5 2. d4 cxd4 3. Qxd4 Nc6 4. Qd1 Nf6 5. Nc3 d6 6. Bc4 g6 7. Nf3 Bg7 8.
Ng5 O-O 9. O-O a6 10. Bf4 b5 11. Bb3 Na5 12. Bd5 Nxd5 13. Qxd5 Bb7 14. Qd3 Nc4
15. Qh3 h5 16. b3 Bxc3 17. Rad1 Ne5 18. Bxe5 Bxe5 19. Nf3 Bg7 20. e5 Qc8 21.
exd6 Qxh3 22. gxh3 exd6 23. Ng5 d5 24. c4 dxc4 25. bxc4 bxc4 26. Rc1 Rac8 27.
Rfe1 Bh6 28. f4 Bxg5 29. fxg5 c3 30. Re7 Ba8 31. Ra7 c2 32. Rxa6 Rfd8 33. Rxc2
Rxc2 34. Kf1 Rd1# 0-1

[Event "Junior Online 4NCL Division 5"]
[Site "online"]
[Date "2020.05.21"]
[Round "6.10"]
[White "Allen, George"]
[Black "Bredenoord, Conrad"]
[Result "1-0"]
[WhiteElo "1382"]
[BlackElo "1142"]
[PlyCount "47"]
[EventDate "2020.05.21"]
[WhiteTeam "KJCA Young Kestrels F"]
[BlackTeam "Long Ditton St Mary's"]

1. b4 g6 2. Bb2 f6 3. e4 b5 4. Bxb5 Bb7 5. d3 e5 6. Bc4 Qe7 7. a3 Bg7 8. Nf3 c6
9. d4 exd4 10. Qxd4 f5 11. Qxg7 Qxe4+ 12. Kd1 Qxc4 13. Qxh8 Ba6 14. Re1+ Kd8
15. Bf6+ Kc8 16. Re8+ Kc7 17. Qxg8 Qf1+ 18. Re1 Qxf2 19. Bd8+ Kb7 20. Qxh7 Qxg2
21. Ne5 Qd5+ 22. Nd2 Qd4 23. Rc1 Bc4 24. Nexc4 1-0

[Event "Junior Online 4NCL Division 5"]
[Site "online"]
[Date "2020.05.21"]
[Round "6.11"]
[White "Holben, Joseph"]
[Black "Heard, Ben"]
[Result "1-0"]
[WhiteElo "1067"]
[BlackElo "1240"]
[PlyCount "61"]
[EventDate "2020.05.21"]
[WhiteTeam "Long Ditton St Mary's"]
[BlackTeam "KJCA Young Kestrels F"]

1. e4 e5 2. Nf3 Nc6 3. Bc4 Nf6 4. Nc3 Nxe4 5. Qe2 Nxc3 6. dxc3 d6 7. Ng5 d5 8.
Bb5 Bd6 9. Bf4 f6 10. Nf3 Qe7 11. Be3 O-O 12. Qd2 Be6 13. O-O a6 14. Be2 Qf7
15. Rad1 Ne7 16. Qd3 e4 17. Qd4 exf3 18. Bxf3 c6 19. b4 a5 20. a3 axb4 21. axb4
b6 22. Qxb6 Rab8 23. Qd4 Nf5 24. Qd3 Nxe3 25. fxe3 f5 26. Ra1 c5 27. Ra6 c4 28.
Qd4 Bc7 29. Ra7 Qe8 30. Rxc7 Qd8 31. Qxg7# 1-0

[Event "Junior Online 4NCL Division 5"]
[Site "online"]
[Date "2020.05.21"]
[Round "6.12"]
[White "Oprea, Lucas"]
[Black "New, Felix"]
[Result "0-1"]
[WhiteElo "1262"]
[BlackElo "1015"]
[PlyCount "20"]
[EventDate "2020.05.21"]
[WhiteTeam "KJCA Young Kestrels F"]
[BlackTeam "Long Ditton St Mary's"]

1. e4 e5 2. Nf3 Nc6 3. Nc3 Nf6 4. Bc4 Bc5 5. Ng5 Kf8 6. Nxf7 Qe7 7. Nxh8 d6 8.
Nf7 Ng4 9. O-O Qh4 10. g3 Qxh2# 0-1

[Event "Junior Online 4NCL Division 5"]
[Site "online"]
[Date "2020.05.21"]
[Round "6.15"]
[White "Abraham, Lexi"]
[Black "Smith, Mia"]
[Result "1-0"]
[WhiteElo "850"]
[BlackElo "1075"]
[PlyCount "37"]
[EventDate "2020.05.21"]
[WhiteTeam "Blue Foxes 3"]
[BlackTeam "Harrow Juniors G"]

1. e4 e5 2. Nf3 Nc6 3. d3 Nf6 4. c3 d6 5. d4 Bg4 6. Bc4 Qe7 7. Qd2 O-O-O 8. Ng5
Rg8 9. Nxf7 Rd7 10. Qc2 d5 11. exd5 Nxd5 12. Bxd5 Rxd5 13. Ng5 h6 14. Qh7 hxg5
15. Qxg8 Rd8 16. Qc4 Qf7 17. Qxf7 Rd7 18. Qxf8+ Rd8 19. Qxg7 1-0

[Event "Junior Online 4NCL Division 5"]
[Site "online"]
[Date "2020.05.21"]
[Round "6.16"]
[White "Patel-Davis, Riyan"]
[Black "Hilmi, Sofia"]
[Result "0-1"]
[WhiteElo "902"]
[BlackElo "812"]
[PlyCount "68"]
[EventDate "2020.05.21"]
[WhiteTeam "Harrow Juniors G"]
[BlackTeam "Blue Foxes 3"]

1. e4 e5 2. Nf3 Nc6 3. Nc3 Nf6 4. Bb5 Bb4 5. O-O d6 6. d3 Ng4 7. Nd5 Bd7 8.
Nxb4 Nxb4 9. Bxd7+ Qxd7 10. Bd2 Nc6 11. Bg5 h6 12. Bh4 O-O 13. h3 Nf6 14. Bxf6
gxf6 15. Nd2 Kh8 16. Re1 Rg8 17. Qh5 Kh7 18. Re3 Rg5 19. Qh4 Rag8 20. g3 Nd4
21. c3 Nc2 22. Rf3 Nxa1 23. Nf1 Qe6 24. Qh5 Rxh5 25. g4 Rhg5 26. h4 Qxg4+ 27.
Rg3 Qxh4 28. d4 Rh5 29. Nh2 Qxh2+ 30. Kf1 Rxg3 31. a4 Rf3 32. Ke1 Rxf2 33. a5
Rxb2 34. Kd1 Rb1# 0-1

[Event "Junior Online 4NCL Division 5"]
[Site "online"]
[Date "2020.05.21"]
[Round "6.17"]
[White "Dyer, Emily"]
[Black "Wang, Xiling"]
[Result "0-1"]
[WhiteElo "820"]
[BlackElo "925"]
[PlyCount "88"]
[EventDate "2020.05.21"]
[WhiteTeam "Blue Foxes 3"]
[BlackTeam "Harrow Juniors G"]

1. e4 e5 2. Bc4 Nc6 3. Nf3 Nf6 4. Nc3 Bb4 5. O-O O-O 6. d3 d6 7. Bd2 Bg4 8. Qe2
Bxc3 9. Bxc3 Nd4 10. Nxd4 Bxe2 11. Nxe2 Ng4 12. Ng3 Qh4 13. h3 Nf6 14. Rae1 Qf4
15. Ne2 Qh6 16. Rd1 Nh5 17. Bd2 Qg6 18. d4 Rae8 19. dxe5 dxe5 20. Bb4 Rd8 21.
Bd3 Rfe8 22. Ba5 Nf4 23. Bb5 Nxe2+ 24. Bxe2 Rxd1 25. Bxd1 Re6 26. Be2 h6 27.
Rd1 Rd6 28. Bd3 Kh7 29. Bb4 Rb6 30. Be7 Re6 31. Bd8 Rd6 32. Bxc7 Re6 33. Bc4
Re7 34. Bd6 Rd7 35. Bb5 Rxd6 36. Rxd6 Qxd6 37. f4 exf4 38. e5 Qxe5 39. Bd3+ Kg8
40. c4 Qd4+ 41. Kh2 Qxd3 42. c5 Qg3+ 43. Kg1 f3 44. c6 Qxg2# 0-1